000 00581cam a22002053a 4500
001 38856
003 PGUSA
005 20140828083846.0
008 120213s2012||||xxu|||||s|||||000 | eng d
040 _aPGUSA
_beng
042 _adc
100 1 _aFletcher, John Gould,
_d1886-1950
245 1 0 _aGoblins and Pagodas
_h[electronic resource] /
_cJohn Gould Fletcher
260 _bProject Gutenberg,
_c2012
506 _aPublic domain in the USA.
516 _aElectronic text
830 0 _aProject Gutenberg
_v38856
856 4 0 _uhttp://www.gutenberg.org/ebooks/38856
942 _cEB
999 _c268110
_d268110